[Event "Match 70__120'/40"]
[Site "Zürich"]
[Date "2022.??.??"]
[Round "48"]
[White "CXG Sphinx Legend"]
[Black "CXG Sphinx 40 most agg"]
[Result "1-0"]
[WhiteElo "1816"]
[BlackElo "1780"]
[Annotator "Utzinger,K"]
[PlyCount "90"]
[EventDate "2022.??.??"]

{[%evp 0,90,22,22,29,39,39,22,23,-12,46,14,35,34,35,34,27,27,30,19,34,34,7,7,
-8,-25,19,29,12,1,68,81,87,71,66,77,83,70,36,45,104,22,81,87,74,74,76,80,171,
170,170,162,162,137,122,124,149,66,74,79,102,0,15,7,126,-30,10,0,0,0,197,194,
192,192,192,174,259,267,283,279,1092,1177,1248,1363,1515,1640,1770,1893,1930,
1426,1908,29266,29987]} 1. e4 e6 {Match 120'/40 | Bediener: Rolf Bühler | 48.
Partie: Weiss (Sphinx Legend) gewinnt | Zwischenstand: 28,0-20,0 (58,3%) für
die Sphinx Legend. | Gegen die Französische Verteidigung, Tarrasch-Variante,
bringt Weiss im 12. Zug eine dubiose Neuerung. Schwarz kann daraus keinen
Profit ziehen. Im Gegenteil bringt er sich später gar selbst in grosse
Verlustgefahr, wobei Weiss am Gewinnweg vorbei geht, bis ein weiterer Fehler
der CXG Sphinx 40 das Rad wieder vollkommen zugunsten von Weiss dreht. Aber oh
weh, erneut findet die CXG Sphinx Legend den Gewinn nicht und man darf einen
unentschiedenen Ausgang der Partie erwarten. Das Drama ist damit aber noch
nicht zu Ende. Schwarz wehrt ein Schachgebot der weissen Dame auf h7 mit 34...
g6? statt 34...h6 ab, ein simpler und fast primitiver taktischer Fehler. Und
dieses Mal agiert das Programm von Gyula Horvath richtig und holt sich den
Sieg, ohne nochmals etwas anbrennen zu lassen.} 2. d4 d5 3. Nd2 c5 4. exd5 exd5
5. Bb5+ Nc6 6. Qe2+ Be7 7. dxc5 Nf6 8. Nb3 O-O 9. Nf3 {***ENDE BUCH***} Re8 10.
Be3 a6 {***ENDE BUCH***} 11. Bxc6 bxc6 12. c4 $146 {Eine Neuerung, die
zugunsten von Schwarz ausfallen sollte.} (12. O-O a5 13. Qd1 Qc7 14. Nc1 Ne4
15. Nd3 Ba6 {1/2-1/2 (54) Liss,E (2480)-Shulman,Y (2540) Holon 1995}) 12... Ng4
{Das ist keine passende Antwort.} (12... dxc4 13. Rd1 Qc7 14. Nbd4 c3 $17 {
schwarzer Vorteil}) 13. O-O Bf6 (13... a5 $1 $15) 14. cxd5 cxd5 {Es geht
besser:} (14... Nxe3 15. fxe3 Qxd5 $11) (14... Qxd5 15. Rad1 Qh5 16. Rfe1 Nxe3
$11) 15. Rad1 Bb7 $6 {Der Läufer gehört entweder auf die Diagonale h7-b1
oder auf die Diagonale a6-f1, weshalb hier sofort 15...a5 angebracht war. Nach
dem passiven Läuferzug steht Weiss klar besser.} 16. Nfd4 $6 {Weiss findet
nicht die besten Antworten:} (16. Qd2 $16) (16. Rfe1 $16) 16... Nxe3 17. fxe3
a5 {Nun kommt Schwarz nachträglich doch noch auf die richtige Idee.} 18. Rf3 {
Um noch etwas Vorteil zu behalten, war 18.a4 notwendig.} a4 19. Nc1 Qc7 20. Qc2
$6 {Vor fast unlösbaren Problemen wäre Schwarz nach dem positionellen
Qualitätsopfer 20.Txf6!? gestanden.} (20. Rxf6 gxf6 21. Nd3 (21. Qg4+ $5)
21... Bc8 22. Qf2 $16 {und Weiss steht prächtig}) 20... Ra5 {Besser waren ...
La6 oder ...Lg5.} 21. b4 axb3 22. Ncxb3 Ra4 23. Nb5 Qe5 $2 {Damit stürzt sich
Schwarz ins Elend, was nach 23...De7 nicht der Fall gewesen wäre.} 24. Nd6 $1
Rb8 25. Nd4 $1 Raa8 {Leela Chess Zero attestiert nun eine
Gewinnwahrscheinlichkeit von 86% für Weiss; andere Bewertungen: Blue Marlin
15.1-avx2 +- (4.45); Critter 1.6a +- (2.02); Deep Shredder 13 +- (2.34);
Dragon 2.5.1 +- (3.96); Fire 8.NNN +- (3.27); Fritz 17 +- (2.37); Stockfish 15:
+- (5.28); Wasp 5.50 +- (2.78)} 26. Rb1 $6 {Minimiert den weissen Vorteil.
Besser waren 26.Dd2 oder 26.Df2.} Ba6 27. Rb3 Rxb3 28. axb3 $2 (28. Qxb3 $1 {
war richtig}) 28... Bc8 $1 $11 {Nach dieser guten Verteidigung sollte Weiss
nichts mehr haben.} 29. Nxc8 Rxc8 $2 {Das verliert, was beweist, dass der
vorherige Zug aus den falschen Gründen gespielt wurde.} (29... Ra1+ 30. Kf2
Qxh2 $1 $11 {sichert Schwarz den Ausgleich.}) 30. c6 $2 {Statt den Gewinnweg
mit 30.b4 einzuschreiten, vergibt Weiss seinen Vorteil.} Qd6 31. Qf5 Ra8 32.
Rh3 Ra1+ 33. Kf2 Ra2+ 34. Kf3 {[#]} g6 $2 {Rutscht von = (ausgeglichen) zu +- 
(verliert), weshalb 34...h6 = notwendig war. Die Pointe ist, dass der schwarze
Läufer seine Bauerndeckung verliert, was Weiss mit seiner Antwort ausnutzen
kann. Ein recht primitiver taktischer Fehler, denn der nächste weisse Zug und
seine kurzzügigen Folgen hätten doch erkannt werden müssen.} 35. c7 $1 {
Die Umwandlung des Bauern lässt sich nur durch ...Dxc7 verhindern, was jedoch
nach Dxf6 den Läufer verliert.} gxf5 {Erzwungen, aber nun ist die schwarze
Stellung hoffnungslos.} 36. c8=Q+ Qd8 37. Qxf5 {Weiss hat einen Bauern erobert
und wird einen zweiten Bauern (h7) abholen.} Qe7 (37... Kf8 38. Rxh7 $18) 38.
Qxh7+ Kf8 39. Rg3 {Droht auf g8 Matt.} Ke8 (39... Qe4+ {Diese beste
Verteidigung rettet auch nicht mehr:} 40. Qxe4 dxe4+ 41. Kxe4 $18) 40. Rg8+ Kd7
41. Qh3+ $1 {Ein fürchterliches Schachgebot. Schwarz geht Matt oder verliert
die Dame.} Kd6 (41... Kc7 42. Qc8+ Kd6 (42... Kb6 43. Qc6+ Ka5 44. Qb5#) 43.
Nb5+ Ke5 44. g4 $1 Rf2+ 45. Kxf2 Bh4+ 46. Ke2 Qf6 47. Re8+ Qe6 48. Qc3+ d4 49.
Qxd4#) 42. Nf5+ Kd7 43. Nxe7+ Kxe7 {Schwarz hat Haus und Hof verloren.} 44. Qf5
Ra1 45. Qxd5 Rc1 {***AUFGEGEBEN***} 1-0

[Event "Match 70__120'/40"]
[Site "Zürich"]
[Date "2022.??.??"]
[Round "49"]
[White "CXG Sphinx 40 most agg"]
[Black "CXG Sphinx Legend"]
[Result "1-0"]
[WhiteElo "1780"]
[BlackElo "1816"]
[Annotator "Utzinger,K"]
[PlyCount "150"]
[EventDate "2022.??.??"]

{[%evp 0,150,19,31,14,1,-3,4,22,-28,16,25,14,13,24,20,25,29,39,41,44,41,56,40,
28,40,26,40,40,50,68,76,345,124,98,5,-1,-35,-31,-38,-56,-49,-59,-65,-58,-64,
-75,-78,-64,-77,-51,-74,-59,0,0,0,-47,-62,-58,-77,-49,-74,-51,-71,-31,-74,-34,
-51,-69,-74,-64,-75,-68,0,0,0,416,350,423,457,476,479,479,479,479,366,373,487,
493,252,278,321,352,369,375,377,379,397,417,375,413,398,414,347,404,375,414,
375,434,400,428,437,431,466,468,468,506,490,486,506,524,490,499,447,531,538,
572,572,611,538,538,557,557,600,654,694,703,626,848,940,1156,1379,1387,1407,
1498,2109,2217,2251,2479,2867,3338,29982,29989]} 1. d4 Nf6 {Match 120'/40 |
Bediener: Rolf Bühler | 49. Partie: Weiss (Sphinx 40) gewinnt | Zwischenstand:
28,0-21,0 (57,1%) für die Sphinx Legend. | Schwarz behandelt die erste Phase
nach Ende des Eröffnungsbuches, ein abgelehntes Damengambit, hervorragend.
Dann geht das Programm von Gyula Horvath jedoch mit ...Db6 auf Bauernjagd und
schnappt sich den total vergifteten Bauer auf b2. Prompt erhält Weiss so auch
eine Gewinnstellung, könnte sich doch die Dame nur unter grossem
Materialverlust aus seinem Käfig befreien. Die CXG Sphinx 40 vergibt aber im
entscheidenden Moment den Gewinn. Nach aufregenden Verwicklungen mit
beidseitigen Ungenauigkeiten lanciert die "Unergründliche" mit einem Bauern
im Minus einen Königsangriff. Und prompt begeht die CXG Sphinx Legend einen
drastischen taktischen Fehler, der schliesslich verdient zum Verlust führt.}
2. c4 e6 3. Nc3 d5 4. Bg5 Be7 5. e3 O-O 6. Nf3 h6 7. Bxf6 Bxf6 8. Rc1 {***ENDE
BUCH***} Be7 {***ENDE BUCH***} 9. Bd3 dxc4 {Im richtigen Moment schlägt
Schwarz, damit der soeben entwickelte Läufer nochmals ziehen und ein Tempo
verlieren muss.} 10. Bxc4 c5 $1 {Angriff gegen das weisse Zentrum: Grossartig,
wie die Sphinx Legend bis jetzt die Eröffnung behandelt.} 11. O-O cxd4 {
Auch dagegen ist nichts zu sagen. Weiss muss sich jetzt zwischen einem
isolierten Bauer nach exd4 oder mit dem Verlust der Zentrumskontrolle nach
Sxd4 entscheiden.} 12. exd4 Nc6 13. Qd3 {Nicht so gut: Hier nimmt die Dame
seinem weissfeldrigen Läufer auf c4 ein Rückzugsfeld, sollte er mit ...Sa5
angegriffen werden.} Qb6 {Hofft wegen dem Angriff auf den weissen b2-Bauern
mit Tempo ...Td8 folgen zu lassen und so den weissen Isolani unter Feuer zu
nehmen.} (13... Na5 {was zum Tausch des weissen Angriffsläufers führt,
vermag mehr zu überzeugen.} 14. Bb5 Bd7 $11) 14. d5 {Seinen Isolani
aufzulösen und so sich von einer Schwäche befreien, ist keine schlechte Idee.
Etwas überraschend aber, dass die "Unergründliche" den Angriff auf seinen
b2-Bauer negiert.} exd5 {Besser ist ...} (14... Nb4 15. Qe4 exd5 16. Nxd5 Nxd5
17. Bxd5 Bf6 18. b3 $11) 15. Nxd5 {[#]} Qxb2 $2 {Die Sphinx Legend erkennt
nicht, dass dieser Bauer vergiftet ist und Schwarz damit auf einen Schlag in
eine verlorene Stellung rutscht. Und es gibt dafür mindestens drei
Gewinnzüge.} 16. Rc2 {Das genügt völlig zum Gewinn, setzt aber voraus, dass
Weiss eine komplizierte Variante berücksichtigt.} (16. Rc3 $18 {ist am
einfachsten, denn die Drohung Tb1 kostet Schwarz die Dame gegen den Turm.}) (
16. Rb1 {verlangt eine (zu) tiefe Berechnung} Qa3 17. Nf6+ $1 {Das hat Schwarz
bestimmt übersehen} gxf6 (17... Bxf6 18. Qxa3 $18 {und die schwarze Dame ist
futsch}) 18. Qg6+ Kh8 19. Qxh6+ Kg8 20. Rb5 {droht Th5 nebst Matt auf h8} f5
21. Ng5 Bxg5 22. Qxg5+ Kh7 23. Rb3 {mit Angriff auf die Dame und der Drohung,
durch Th3 mattzusetzen, weshalb Schwarz seine Dame für einen Turm opfern muss.
} Qxb3 24. Bxb3 $18) 16... Qa3 $18 17. Rc3 $2 $11 {Vergibt den Gewinn, der
wiederum mit 17.Sf6+ zu bewerkstelligen war.} Qd6 $11 18. Nxe7+ $2 $17 {
Nach diesem unbedachten Tausch geht der Vorteil gar an Schwarz über.} Qxe7 19.
Re1 Qf6 20. Qd2 Bg4 $17 {Schwarz hat einen Bauern mehr, wofür Weiss keine
Kompensation besitzt.} 21. h3 Rad8 22. Qc1 Bf5 23. Qe3 Rd7 24. Qc5 Rc8 25. Rce3
$17 b6 $2 $11 {Das erlaubt dem Gegner eine ausgleichende Abwicklung.} (25...
Kh7 $17 {und Schwarz steht besser}) 26. Re8+ Rxe8 (26... Kh7 27. Qf8 Rxe8 28.
Rxe8 $11 {ändert nichts}) 27. Rxe8+ Kh7 $11 28. Qe3 $2 $17 {Nach 28.Df8 hat
Weiss Ausgleich, während der Vorteil nun klar an Schwarz übergeht.} (28. Qf8
Rd1+ 29. Kh2 Qd6+ {Alternativen sind schlecht} 30. Qxd6 Rxd6 31. Bxf7 $11)
28... Rd1+ 29. Kh2 Bd7 30. Re4 Qd6+ $6 {Mit dem unkonventionellen 30...g5
hätte Schwarz seinen Vorteil festigen können, während sich jetzt die
Bewertung von "Schwarz steht klar besser" auf " Schwarz steht besser" ändert.}
31. g3 f5 $6 $11 {Schwächt nur die weissen Felder um den eigenen König.} 32.
Rh4 $2 $17 {Vermasselt den mit 32.Te8! möglichen Ausgleich.} (32. Re8 $1 {
Ein hübsches Qualitätsopfer, die Schwäche des gegnerischen Königs auf den
weissen Feldern ausnützend.} Bxe8 33. Qxe8 {Droht tödlich Lg8+} Ne7 34. Ng5+
$1 hxg5 35. Qh5+ Qh6 36. Qxd1 g4 (36... f4 37. Bf7 fxg3+ 38. fxg3 Qf6 39. Qh5+
Qh6 40. Qe2 $11) 37. Qd8 $1 Qg5 (37... Qxh3+ 38. Kg1 Ng6 39. Qg5 $11) 38. hxg4
Qxg4 39. Qxe7 Qxc4 40. Qxa7 $11) 32... Kh8 $6 {Noch bliebe Schwarz mit 32...
De7 im Vorteil.} 33. Qc3 {ungenau} (33. Qe2 $11) (33. Bb3 $11) 33... Qg6 34.
Qe3 Qf6 35. a4 Qd6 36. Qc3 Ne7 37. Ng5 $11 {Weiss droht nun Txh6+ Dxh6,
erzwungen, Sf7+ und erobert die Dame auf h6. Diese Drohung lässt sich mit 37..
.Lc6, was Matt mit ...Th1 droht, abwehren.} {[#]} Qc6 $4 {Ein ganz schlimmer
taktischer Fehler. Es droht zwar ebenfalls ...Th1 Matt, aber die erwähnte
Drohung wird mit dem Damenzug nicht abgewendet.} 38. Rxh6+ Qxh6 39. Nf7+ Kh7
40. Nxh6 $18 {weisse Gewinnstellung} Bc6 41. f3 (41. Nf7 $4 Rh1#) 41... gxh6
42. h4 Rd6 43. Qe3 Rd7 44. Bb5 {Die effizientere Gewinnvariante mit 44.De6
darf man von der Sphinx 40 nicht erwarten.} Bxb5 45. axb5 Kg7 46. Qe6 Rd2+ 47.
Kh3 Ng6 48. h5 Nf8 49. Qxf5 {Die weisse Dame ist den gegnerischen Figuren weit
überlegen. Zudem kann Weiss am Königsflügel machtvolle Freibauern bilden.
Der Rest ist Schweigen.} Rd7 50. Qe5+ Kf7 51. Qe4 Re7 52. Qg4 Rd7 53. Kh4 Re7
54. f4 Re1 55. Qf5+ Kg7 56. Qd5 Re7 57. Qd4+ Kf7 58. Qd6 Re6 59. Qd5 Ke7 60.
Qb7+ Nd7 61. Qxa7 Kd6 62. Qb7 Rf6 63. Qe4 Kc5 64. Qd3 Rd6 65. Qa3+ Kd5 66. g4
Nc5 67. Qa2+ Kd4 68. g5 Nd3 69. g6 Nb4 70. Qf2+ Kc3 71. Qe1+ Kc4 72. g7 Rd8 73.
Qe7 Rb8 {Der Turm findet auf der achten Reihe kein Feld mehr, wo er nicht
verloren geht.} 74. Qc7+ Kxb5 75. Qxb8 Nc6 {***AUFGEGEBEN***} 1-0